[Event "76th ARM-ch Women 2021"]
[Site "Yerevan"]
[Date "2021.02.17"]
[Round "2.4"]
[White "Ghukasyan, Siranush"]
[Black "Hakobyan, Astghik"]
[Result "1/2-1/2"]
[WhiteElo "2222"]
[BlackElo "1820"]
[Annotator "TA"]
[PlyCount "165"]
[EventDate "2021.02.16"]
[EventType "tourn"]
[EventCountry "ARM"]
[SourceTitle "playchess.com"]
[Source "ChessBase"]
[SourceQuality "1"]

{[%evp 16,165,39,33,56,0,56,64,60,69,71,58,52,37,38,12,44,41,55,56,78,30,85,83,100,85,166,169,203,203,203,203,203,203,203,155,263,235,242,243,341,349,417,412,398,409,393,294,290,250,239,135,113,0,0,0,0,0,0,-48,-58,-1442,0,0,0,0,0,0,0,0,0,0,11,16,19,0,33,0,194,188,191,158,173,170,1362,1391,2066,1479,1991,2034,1616,1600,1814,1695,2009,2196,12833,12837,12837,12835,12835,12835,12836,12836,12837,12837,12837,12838,12838,12839,12839,12839,12840,12840,12841,0,0,0,0,0,0,0,0,0,0,0,0,0,0,0,0,0,0,0,0,0,0,0,0,0,0,0,0,0,0,0,0,0,0,0,0,0]} 1. e4 c6 2. d4 d5 3. exd5 cxd5 4. Bd3 Nc6 5. c3 Nf6 6. Bf4 g6 7. Nf3 Bg7 8. O-O O-O 9. Re1 Bf5 {B13: Caro-Kann: Exchange Variation and Panov-Botvinnik Attack.} 10. Ne5 (10. Bxf5 $14 gxf5 11. Ne5) 10... Rc8 (10... Qb6 $11) 11. Bxf5 $14 gxf5 {White is slightly better.} 12. Nd2 e6 13. Bg5 Qc7 14. Bxf6 Bxf6 15. f4 {[#]} Ne7 $146 ({Predecessor:} 15... Kh8 16. Qh5 Bxe5 17. fxe5 Rg8 18. Nf3 Rg7 19. Ng5 Rcg8 20. h4 Qe7 21. Qh6 Nb8 {1-0 (43) Dudek,R (2262)-Roes,H (2181) Baden 2012}) 16. Qh5 Ng6 17. Rf1 Bg7 {[%cal Rg6e5]} 18. Rae1 Qd8 (18... Qa5 $11) 19. Nd3 $16 Re8 20. Re3 Qb6 (20... Qh4 $16 {is a better defense.} 21. Qxh4 Nxh4) 21. Rh3 $1 $18 Nf8 22. Kh1 $1 Re7 23. g4 fxg4 24. Qxg4 f5 25. Qh4 Qd8 (25... Rcc7 $16 26. Rg1 Qa6) 26. Nf3 Rec7 27. Qg3 Qe8 (27... b6 {was necessary.} 28. Rg1 a5) 28. Rg1 Rd8 29. Ng5 Qg6 30. Qh4 Rdd7 31. Nf3 Qe8 32. Nde5 Re7 33. Ng5 (33. a3 $18) 33... Bxe5 $16 34. Nxh7+ (34. fxe5 $16 {Threatening mate with Nf7+!} Rg7 35. Rhg3) 34... Rg7 $11 {White must now prevent ...Rxg1+.} ({Don't blunder} 34... Ng6 $2 35. fxe5 (35. Nf6+ Bxf6 36. Qxf6 Rg7 $16) 35... Rxh7 36. Rxg6+ $1 {[%mdl 512]} Qxg6 37. Qd8+ Kg7 38. Qxc7+ Kh8 39. Qd8+ Qg8 40. Qf6+ Qg7 41. Rxh7+ Kxh7 42. Qxe6 $18) 35. Nxf8 Rxg1+ 36. Kxg1 Bxd4+ 37. Kg2 (37. cxd4 {feels hotter.} Rg7+ 38. Kf2 Qa4 39. Qh8+ Kf7 40. Re3) 37... Rg7+ 38. Kf3 $2 {[%mdl 8192] [#]} (38. Rg3 $15) 38... Qxf8 $2 ({Black should try} 38... Qb5 $1 $19 {[%cal Rb5d3]} 39. Qh8+ Kf7 40. Qh5+ Kxf8 41. cxd4 Qd3+ {[%mdl 64] Double Attack} 42. Kf2 Qxd4+ 43. Kf3 Qe4+ 44. Kf2 Qxf4+ 45. Qf3 Qd4+ 46. Qe3 Qxb2+ {[%mdl 64] Double Attack} 47. Kf3 Qg2+ {[%mdl 64] Double Attack} 48. Kf4 Qg5+ 49. Kf3 Qg4+ 50. Kf2 Qg1+ 51. Kf3 Qf1+ {[%mdl 64] Double Attack} 52. Qf2 Qxh3+ 53. Ke2 Rg2 54. Qxg2 Qxg2+ 55. Kd3 Qe4+ 56. Kd2 f4 57. h4 f3 58. a3 f2 59. h5 f1=Q 60. Kc3 Qc1+ {[%mdl 64] Double Attack} 61. Kb3 Qec4#) 39. cxd4 $19 {[%mdl 4096] Endgame KQR-KQR} Kf7 40. Qh5+ Ke7 41. Qh8 Qxh8 42. Rxh8 $11 {KR-KR} Kd6 43. h4 Rg4 44. h5 Rh4 45. h6 Kc6 46. a4 {[%cal Ba2a4,Ba4a5][%mdl 32]} Kc7 $2 {[#]} (46... a5 $11) 47. b4 $1 $18 Rh1 48. Kg2 Rh4 49. h7 a6 $2 (49... Kb6 50. Kg3 Rh1) 50. a5 Rh6 51. Kf3 Rh3+ 52. Ke2 Rh2+ 53. Kd3 Rh3+ 54. Kc2 Rh2+ 55. Kb3 Rh1 56. b5 axb5 57. Kb4 Rb1+ 58. Kc5 Rc1+ 59. Kxb5 Rb1+ 60. Ka4 Ra1+ 61. Kb3 Rb1+ 62. Kc2 Rh1 63. a6 Kb6 64. axb7 Kxb7 65. Kb2 $2 ({Better is} 65. Kc3 $18 Kc6 66. Rc8+ Kb7 67. h8=Q Rc1+ 68. Kb4 Rxc8 69. Qf6) 65... Rh3 $1 $11 {The position is equal.} 66. Kc2 {aiming for Kd2.} Ka7 67. Kd2 Kb7 68. Ke2 {Threatens to win with Kf2.} Ka7 69. Kf2 {Hoping for Ke1.} Kb7 70. Kg2 Rh6 71. Kg3 Rh1 72. Re8 (72. Kf3 {feels hotter.} Rh3+ 73. Kf2 Rh2+ 74. Ke3 Rh3+ 75. Kd2) 72... Rxh7 73. Rxe6 Kc7 74. Re5 {[%mdl 64] Double Attack} Kc6 75. Rxf5 Rh1 76. Kf3 Rh3+ 77. Ke2 Rh2+ 78. Kd3 Rh3+ 79. Kc2 Kd6 80. Re5 Rh4 81. Rf5 Ke6 82. Re5+ Kd6 83. Rf5 {Black defended with fortune.  Weighted Error Value: White=0.35/Black=0.50} 1/2-1/2

[Event "76th ARM-ch Women 2021"]
[Site "Yerevan"]
[Date "2021.02.17"]
[Round "2.5"]
[White "Grigoryan, Arpine"]
[Black "Khachatryan, Veronika"]
[Result "0-1"]
[WhiteElo "2091"]
[BlackElo "1767"]
[Annotator "TA"]
[PlyCount "112"]
[EventDate "2021.02.16"]
[EventType "tourn"]
[EventCountry "ARM"]
[SourceTitle "playchess.com"]
[Source "ChessBase"]
[SourceQuality "1"]

{[%evp 10,112,14,12,17,6,33,13,28,21,21,-7,62,-8,0,-20,4,-27,-28,-26,-37,-20,12,12,12,12,12,12,10,-28,-24,-73,-71,-57,-71,-76,-15,-7,-7,-35,-33,-32,-29,-39,-35,-26,0,-70,-45,-44,-13,-6,-9,-10,-10,-8,0,0,0,0,0,0,0,0,0,0,0,0,0,0,0,-23,-18,-23,73,-22,-22,-22,-22,-45,-12,-13,0,0,0,-18,23,6,6,4,68,68,70,72,72,72,70,70,68,78,145,5,112,-29977,-29977]} 1. e4 c5 2. Nc3 Nc6 3. g3 g6 4. Bg2 Bg7 5. Nge2 Rb8 6. d3 b5 {B24: Closed Sicilian: 3 g3 sidelines.} 7. O-O e6 8. a4 a6 {The position is equal.} 9. axb5 axb5 10. f4 d6 ({Black should play} 10... b4 $11 11. Na4 d6) 11. f5 ({White should try} 11. e5 $14 d5 12. Be3) 11... b4 $11 {[#]} 12. Na4 $146 ({Predecessor:} 12. Nb1 Ne5 13. fxe6 Bxe6 14. Nf4 Bg4 15. Qe1 Ne7 16. Nd2 O-O 17. Nf3 h6 18. h3 {0-1 (33) Prochazka,D (2185)-Cesal,J (2275) Czechia 1999}) 12... Ne5 {[%cal Re6f5]} 13. d4 cxd4 {[%cal Re6f5]} 14. Nxd4 Nf6 15. Bf4 O-O 16. Bxe5 dxe5 17. Nc6 {[%csl LRb8,LRd8,LRe5][%mdl 64] [#] Double Attack} Qxd1 18. Raxd1 Rb5 19. fxg6 hxg6 20. Ne7+ Kh7 21. Nxc8 Rxc8 22. Rf2 g5 (22... b3 $17 23. cxb3 g5) 23. b3 Kg6 24. Bf3 g4 25. Be2 Rbb8 26. Bd3 Nh7 27. Kg2 Ng5 28. Ra1 (28. Nb2 $11) 28... Bf8 29. Rff1 Be7 30. Nb2 Bc5 31. Nc4 Bd4 32. Ra5 f6 33. Be2 Ra8 34. Rxa8 Rxa8 35. Bxg4 Ra2 36. Rc1 Nxe4 37. Bxe6 Nc5 38. Bd5 f5 39. Kh3 Kg5 40. Nd2 e4 41. Nc4 Bc3 {[#]} (41... e3 $11) 42. Nd6 (42. Rf1 $1 $16) 42... e3 {And now ...e2 would win.} 43. Bc4 Ne4 44. Nb5 Bd2 45. Rf1 Nf2+ 46. Kg2 Rxc2 {Hoping for ...Bc3.} 47. Nd4 Rb2 48. h4+ Kg6 49. Ra1 Bc3 (49... Ng4 $1 $11 50. Ra6+ Kh7) 50. Ra6+ $14 Kh7 $1 51. Nxf5 {[%csl Gf5][%cal Ra6h6]} Ng4+ 52. Kf3 {[%mdl 64] Double Attack} Ne5+ 53. Kxe3 {[%csl Gf5][%cal Ra6h6]} Nxc4+ 54. bxc4 {g4 is the strong threat.} b3 (54... Rb1 $142) 55. Nd4 ({Better is} 55. Kd3 $16 Be1 56. Rb6) 55... Ra2 (55... Rb1 $1 $11 {remains equal.}) 56. Rxa2 $4 {[%mdl 8192]} (56. Rb6 $16 b2 57. Kd3) 56... Bxd4+ {Weighted Error Value: White=0.35/Black=0.20} 0-1

[Event "76th ARM-ch Women 2021"]
[Site "Yerevan"]
[Date "2021.02.18"]
[Round "3.1"]
[White "Mkrtchyan, Mariam"]
[Black "Grigoryan, Arpine"]
[Result "1-0"]
[WhiteElo "2075"]
[BlackElo "2091"]
[Annotator "ChessBase"]
[PlyCount "51"]
[EventDate "2021.02.16"]
[EventType "tourn"]
[EventCountry "ARM"]
[SourceTitle "playchess.com"]
[Source "ChessBase"]
[SourceQuality "1"]
[TimeControl "40/5400+30:1800+30"]

1. g3 {[%emt 0:00:00]} Nf6 {[%emt 0:00:00]} 2. Bg2 {[%emt 0:00:00]} d5 {[%emt 0:01:54]} 3. Nf3 {[%emt 0:00:00]} e6 {[%emt 0:00:50]} 4. O-O {[%emt 0:00:09]} Be7 {[%emt 0:00:11]} 5. d3 {[%emt 0:00:16]} c5 {[%emt 0:02:21]} 6. Nbd2 {[%emt 0:00:07]} Nc6 {[%emt 0:00:37]} 7. e4 {[%emt 0:00:09]} dxe4 {[%emt 0:02:33]} 8. dxe4 {[%emt 0:00:09]} e5 {[%emt 0:01:19]} 9. c3 {[%emt 0:01:47]} O-O {[%emt 0:01:34]} 10. Qe2 {[%emt 0:07:32]} Qc7 {[%emt 0:02:41]} 11. Nc4 {[%emt 0:02:03]} Be6 {[%emt 0:05:19]} 12. Nh4 {[%emt 0:02:33]} Ne8 {[%emt 0:05:53]} 13. Nf5 {[%emt 0:02:49]} Bxc4 {[%emt 0:07:23]} 14. Qxc4 {[%emt 0:00:20]} Nd6 {[%emt 0:00:19]} 15. Qe2 {[%emt 0:02:20]} Nxf5 {[%emt 0:01:44]} 16. exf5 {[%emt 0:00:16]} f6 {[%emt 0:04:19]} 17. Be3 {[%emt 0:02:52]} Na5 {[%emt 0:04:21]} 18. Rad1 {[%emt 0:03:01]} Rad8 {[%emt 0:04:17]} 19. h4 {[%emt 0:02:50]} Rxd1 {[%emt 0:03:22]} 20. Rxd1 {[%emt 0:00:51]} Rd8 {[%emt 0:00:11]} 21. Rd5 {[%emt 0:02:57]} a6 {[%emt 0:04:09]} 22. Qd3 {[%emt 0:11:15]} c4 {[%emt 0:08:56]} 23. Rxd8+ {[%emt 0:00:36]} Bxd8 {[%emt 0:00:07]} 24. Qd5+ {[%emt 0:01:21]} Kh8 {[%emt 0:01:16]} 25. Qe6 {[%emt 0:01:05]} Qe7 {[%emt 0:00:46]} 26. Bc5 {[%emt 0:00:21]} 1-0

[Event "76th ARM-ch Women 2021"]
[Site "Yerevan"]
[Date "2021.02.18"]
[Round "3.2"]
[White "Gaboyan, Susanna"]
[Black "Khachatryan, Anna"]
[Result "1-0"]
[WhiteElo "2211"]
[BlackElo "2086"]
[Annotator "ChessBase"]
[PlyCount "135"]
[EventDate "2021.02.16"]
[EventType "tourn"]
[EventCountry "ARM"]
[SourceTitle "playchess.com"]
[Source "ChessBase"]
[SourceQuality "1"]
[TimeControl "40/5400+30:1800+30"]

1. e4 {[%emt 0:00:00]} c5 {[%emt 0:00:00]} 2. Nf3 {[%emt 0:00:23]} Nc6 {[%emt 0:00:00]} 3. Nc3 {[%emt 0:00:48]} e5 {[%emt 0:03:16]} 4. Bc4 {[%emt 0:00:49]} d6 {[%emt 0:00:28]} 5. d3 {[%emt 0:00:34]} Be7 {[%emt 0:00:05]} 6. Nd2 {[%emt 0:01:44]} Bg5 {[%emt 0:00:27]} 7. Nf1 {[%emt 0:03:22]} Bxc1 {[%emt 0:00:57]} 8. Rxc1 {[%emt 0:06:56]} Nf6 {[%emt 0:05:56]} 9. Ne3 {[%emt 0:03:06]} Be6 {[%emt 0:02:45]} 10. Ncd5 {[%emt 0:03:35]} a6 {[%emt 0:07:14]} 11. O-O {[%emt 0:02:46]} O-O {[%emt 0:02:39]} 12. f4 {[%emt 0:05:09]} exf4 {[%emt 0:05:30]} 13. Rxf4 {[%emt 0:01:00]} Bxd5 {[%emt 0:16:22]} 14. Nxd5 {[%emt 0:00:26]} Nxd5 {[%emt 0:00:06]} 15. Bxd5 {[%emt 0:00:09]} Qg5 {[%emt 0:06:18]} 16. Qg4 {[%emt 0:01:18]} Qxg4 {[%emt 0:10:17]} 17. Rxg4 {[%emt 0:00:18]} Ne5 {[%emt 0:00:20]} 18. Rg3 {[%emt 0:01:56]} Ra7 {[%emt 0:05:26]} 19. c3 {[%emt 0:00:40]} b6 {[%emt 0:01:23]} 20. d4 {[%emt 0:03:58]} Ng6 {[%emt 0:02:36]} 21. Rf1 {[%emt 0:00:09]} Ne7 {[%emt 0:08:26]} 22. Bb3 {[%emt 0:03:20]} Nc6 {[%emt 0:07:21]} 23. Rf6 {[%emt 0:03:01]} Rd8 {[%emt 0:02:53]} 24. Bd5 {[%emt 0:03:55]} Kf8 {[%emt 0:07:37]} 25. Rf1 {[%emt 0:08:16]} Rc8 {[%emt 0:00:18]} 26. Rgf3 {[%emt 0:02:07]} f6 {[%emt 0:01:04]} 27. Rd1 {[%emt 0:05:30]} Re7 {[%emt 0:00:57]} 28. a3 {[%emt 0:00:54]} Nd8 {[%emt 0:02:07]} 29. g4 {[%emt 0:03:09]} h6 {[%emt 0:00:59]} 30. h4 {[%emt 0:00:14]} Nf7 {[%emt 0:00:32]} 31. Rdf1 {[%emt 0:05:05]} cxd4 {[%emt 0:00:28]} 32. cxd4 {[%emt 0:00:03]} Rc2 {[%emt 0:00:06]} 33. Rc3 {[%emt 0:02:56]} Rc7 {[%emt 0:00:20]} 34. Rff3 {[%emt 0:02:01]} Ke7 {[%emt 0:01:06]} 35. Rxc7+ {[%emt 0:06:02]} Rxc7 {[%emt 0:00:02]} 36. Rb3 {[%emt 0:00:12]} b5 {[%emt 0:00:25]} 37. Rc3 {[%emt 0:08:00]} Rxc3 {[%emt 0:01:02]} 38. bxc3 {[%emt 0:00:03]} Nd8 {[%emt 0:00:10]} 39. h5 {[%emt 0:00:41]} Ne6 {[%emt 0:00:55]} 40. Kf2 {[%emt 0:00:00]} Nf4 {[%emt 0:00:00]} 41. Bb7 {[%emt 0:09:35]} a5 {[%emt 0:00:38]} 42. Ke3 {[%emt 0:02:31]} Ng2+ {[%emt 0:11:17]} 43. Kd2 {[%emt 0:01:35]} Kd7 {[%emt 0:02:35]} 44. e5 {[%emt 0:03:28]} Nf4 {[%emt 0:00:30]} 45. exf6 {[%emt 0:00:09]} gxf6 {[%emt 0:00:01]} 46. Ke3 {[%emt 0:00:15]} Ne6 {[%emt 0:06:46]} 47. Ke4 {[%emt 0:00:40]} Ng7 {[%emt 0:00:05]} 48. Bd5 {[%emt 0:11:32]} Kc7 {[%emt 0:02:21]} 49. Bg8 {[%emt 0:02:26]} Kc6 {[%emt 0:00:07]} 50. Bf7 {[%emt 0:00:23]} Kc7 {[%emt 0:03:34]} 51. Kd5 {[%emt 0:02:51]} Kd7 {[%emt 0:01:13]} 52. Bg6 {[%emt 0:00:20]} Kc7 {[%emt 0:00:07]} 53. Bd3 {[%emt 0:00:17]} Kd7 {[%emt 0:02:00]} 54. Bxb5+ {[%emt 0:00:09]} Kc7 {[%emt 0:00:02]} 55. a4 {[%emt 0:02:50]} f5 {[%emt 0:00:23]} 56. g5 {[%emt 0:00:08]} Nxh5 {[%emt 0:01:15]} 57. gxh6 {[%emt 0:00:25]} Nf4+ {[%emt 0:00:35]} 58. Kc4 {[%emt 0:00:03]} Ng6 {[%emt 0:02:44]} 59. Be8 {[%emt 0:00:57]} Nf8 {[%emt 0:00:13]} 60. Bf7 {[%emt 0:00:15]} f4 {[%emt 0:00:34]} 61. Kd3 {[%emt 0:00:07]} Kd7 {[%emt 0:00:15]} 62. Bg8 {[%emt 0:00:06]} Ke7 {[%emt 0:00:13]} 63. Ke4 {[%emt 0:00:19]} Kf6 {[%emt 0:01:07]} 64. Kxf4 {[%emt 0:00:14]} Ng6+ {[%emt 0:00:08]} 65. Ke4 {[%emt 0:00:06]} Ne7 {[%emt 0:00:03]} 66. h7 {[%emt 0:02:13]} Kg7 {[%emt 0:00:03]} 67. Kd3 {[%emt 0:00:25]} Nc6 {[%emt 0:00:36]} 68. Ke4 1-0

[Event "76th ARM-ch Women 2021"]
[Site "Yerevan"]
[Date "2021.02.18"]
[Round "3.3"]
[White "Khachatryan, Veronika"]
[Black "Gevorgyan, Maria"]
[Result "1/2-1/2"]
[WhiteElo "1767"]
[BlackElo "2228"]
[Annotator "ChessBase"]
[PlyCount "72"]
[EventDate "2021.02.16"]
[EventType "tourn"]
[EventCountry "ARM"]
[SourceTitle "playchess.com"]
[Source "ChessBase"]
[SourceQuality "1"]
[TimeControl "40/5400+30:1800+30"]

1. d4 {[%emt 0:00:00]} Nf6 {[%emt 0:00:00]} 2. c4 {[%emt 0:00:00]} c5 {[%emt 0:00:01]} 3. d5 {[%emt 0:00:00]} e6 {[%emt 0:00:26]} 4. Nc3 {[%emt 0:00:13]} exd5 {[%emt 0:00:07]} 5. cxd5 {[%emt 0:00:04]} d6 {[%emt 0:00:04]} 6. e4 {[%emt 0:00:08]} g6 {[%emt 0:00:08]} 7. f4 {[%emt 0:00:17]} Bg7 {[%emt 0:00:18]} 8. Bb5+ {[%emt 0:00:13]} Nfd7 {[%emt 0:00:06]} 9. Nf3 {[%emt 0:00:19]} a6 {[%emt 0:00:59]} 10. Bd3 {[%emt 0:00:04]} b5 {[%emt 0:00:20]} 11. O-O {[%emt 0:00:47]} O-O {[%emt 0:04:47]} 12. Kh1 {[%emt 0:00:07]} f5 {[%emt 0:08:43]} 13. exf5 {[%emt 0:02:59]} gxf5 {[%emt 0:00:19]} 14. Ng5 {[%emt 0:17:23]} Nf6 {[%emt 0:07:15]} 15. Ne6 {[%emt 0:01:42]} Bxe6 {[%emt 0:00:54]} 16. dxe6 {[%emt 0:00:02]} b4 {[%emt 0:04:42]} 17. Qb3 {[%emt 0:07:27]} Kh8 {[%emt 0:03:25]} 18. Nd5 {[%emt 0:05:23]} Nc6 {[%emt 0:00:15]} 19. Bxf5 {[%emt 0:06:58]} Nxd5 {[%emt 0:22:45]} 20. Be4 Nde7 {[%emt 0:07:34]} 21. Qh3 {[%emt 0:00:17]} h6 {[%emt 0:00:23]} 22. f5 {[%emt 0:00:33]} Rf6 {[%emt 0:00:33]} 23. g4 {[%emt 0:03:10]} d5 {[%emt 0:19:04]} 24. g5 {[%emt 0:02:23]} Rxe6 {[%emt 0:00:05]} 25. fxe6 {[%emt 0:01:52]} dxe4 {[%emt 0:00:12]} 26. Be3 {[%emt 0:15:01]} Nd5 {[%emt 0:09:55]} 27. Rf7 {[%emt 0:19:43]} Nxe3 {[%emt 0:08:05]} 28. Rxg7 {[%emt 0:00:06]} Kxg7 {[%emt 0:00:11]} 29. Qxh6+ {[%emt 0:00:07]} Kg8 {[%emt 0:00:04]} 30. Qg6+ {[%emt 0:00:44]} Kh8 {[%emt 0:00:01]} 31. Qh5+ {[%emt 0:02:56]} Kg8 {[%emt 0:00:02]} 32. Qf7+ {[%emt 0:00:18]} Kh8 {[%emt 0:00:00]} 33. Qh5+ {[%emt 0:03:18]} Kg8 {[%emt 0:00:05]} 34. Qg6+ {[%emt 0:00:31]} Kh8 {[%emt 0:00:08]} 35. Qh6+ {[%emt 0:00:41]} Kg8 {[%emt 0:00:02]} 36. Qg6+ {[%emt 0:00:23]} Kh8 {[%emt 0:00:06]} 1/2-1/2

[Event "76th ARM-ch Women 2021"]
[Site "Yerevan"]
[Date "2021.02.18"]
[Round "3.4"]
[White "Arakelyan, Nare"]
[Black "Ghukasyan, Siranush"]
[Result "0-1"]
[WhiteElo "1953"]
[BlackElo "2222"]
[Annotator "ChessBase"]
[PlyCount "78"]
[EventDate "2021.02.16"]
[EventType "tourn"]
[EventCountry "ARM"]
[SourceTitle "playchess.com"]
[Source "ChessBase"]
[SourceQuality "1"]
[TimeControl "40/5400+30:1800+30"]

1. e4 {[%emt 0:00:00]} e5 {[%emt 0:00:00]} 2. Nf3 {[%emt 0:00:00]} Nc6 {[%emt 0:00:00]} 3. Bb5 {[%emt 0:00:22]} a6 {[%emt 0:00:00]} 4. Ba4 {[%emt 0:00:05]} Nf6 {[%emt 0:00:03]} 5. O-O {[%emt 0:00:04]} Be7 {[%emt 0:00:19]} 6. Bxc6 {[%emt 0:00:24]} dxc6 {[%emt 0:00:38]} 7. d3 {[%emt 0:00:19]} Nd7 {[%emt 0:03:16]} 8. Nbd2 {[%emt 0:00:16]} O-O {[%emt 0:00:21]} 9. Nc4 {[%emt 0:00:06]} Bf6 {[%emt 0:07:17]} 10. b3 {[%emt 0:05:19]} Re8 {[%emt 0:02:03]} 11. Bb2 {[%emt 0:00:26]} g6 {[%emt 0:07:43]} 12. g3 {[%emt 0:09:29]} Bg7 {[%emt 0:03:55]} 13. Qd2 {[%emt 0:02:44]} f6 {[%emt 0:09:09]} 14. h4 {[%emt 0:02:25]} Nf8 {[%emt 0:04:11]} 15. Kg2 {[%emt 0:05:45]} h5 {[%emt 0:02:11]} 16. Ng1 {[%emt 0:02:14]} Ne6 {[%emt 0:05:29]} 17. Ne2 {[%emt 0:05:30]} Qd7 {[%emt 0:09:00]} 18. Rh1 {[%emt 0:04:22]} b5 {[%emt 0:06:01]} 19. Ne3 {[%emt 0:01:31]} c5 {[%emt 0:01:45]} 20. Rag1 {[%emt 0:11:38]} Bb7 {[%emt 0:00:50]} 21. f3 {[%emt 0:02:04]} Bh6 {[%emt 0:01:09]} 22. Kf2 {[%emt 0:00:35]} Kh7 {[%emt 0:04:24]} 23. g4 {[%emt 0:01:03]} hxg4 {[%emt 0:02:38]} 24. Nxg4 {[%emt 0:01:12]} Qg7 {[%emt 0:02:35]} 25. Qd1 {[%emt 0:03:48]} Bf4 {[%emt 0:01:42]} 26. Nxf4 {[%emt 0:06:07]} Nxf4 {[%emt 0:00:26]} 27. Bc1 {[%emt 0:01:30]} Nh5 {[%emt 0:00:56]} 28. Be3 {[%emt 0:02:20]} Qf8 {[%emt 0:03:40]} 29. Qd2 {[%emt 0:00:34]} f5 {[%emt 0:01:41]} 30. exf5 {[%emt 0:03:23]} gxf5 {[%emt 0:04:49]} 31. Bh6 {[%emt 0:02:18]} Qd6 {[%emt 0:03:33]} 32. Qg5 {[%emt 0:08:18]} fxg4 {[%emt 0:00:54]} 33. Qxh5 {[%emt 0:00:46]} Qxh6 {[%emt 0:00:23]} 34. Qf5+ {[%emt 0:01:46]} Qg6 {[%emt 0:04:13]} 35. Qd7+ {[%emt 0:00:26]} Qg7 {[%emt 0:00:29]} 36. Qf5+ {[%emt 0:00:10]} Qg6 {[%emt 0:00:04]} 37. Qd7+ {[%emt 0:00:09]} Kh6 {[%emt 0:01:25]} 38. Rxg4 {[%emt 0:00:33]} Qf6 {[%emt 0:00:07]} 39. Rhg1 {[%emt 0:00:42]} Qxf3+ {[%emt 0:00:10]} 0-1

[Event "76th ARM-ch Women 2021"]
[Site "Yerevan"]
[Date "2021.02.18"]
[Round "3.5"]
[White "Hakobyan, Astghik"]
[Black "Avetisyan, Mariam"]
[Result "0-1"]
[WhiteElo "1820"]
[BlackElo "2092"]
[Annotator "ChessBase"]
[PlyCount "132"]
[EventDate "2021.02.16"]
[EventType "tourn"]
[EventCountry "ARM"]
[SourceTitle "playchess.com"]
[Source "ChessBase"]
[SourceQuality "1"]
[TimeControl "40/5400+30:1800+30"]

1. e4 {[%emt 0:00:00]} c6 {[%emt 0:00:00]} 2. d4 {[%emt 0:00:00]} d5 {[%emt 0:00:00]} 3. Nd2 {[%emt 0:00:00]} dxe4 {[%emt 0:00:00]} 4. Nxe4 {[%emt 0:00:00]} Nf6 {[%emt 0:00:00]} 5. Nxf6+ {[%emt 0:00:14]} exf6 {[%emt 0:00:00]} 6. c3 {[%emt 0:00:06]} Bd6 {[%emt 0:00:03]} 7. Bd3 {[%emt 0:00:15]} O-O {[%emt 0:00:08]} 8. Qc2 {[%emt 0:00:12]} Re8+ {[%emt 0:00:05]} 9. Ne2 {[%emt 0:00:05]} h5 {[%emt 0:00:07]} 10. Be3 {[%emt 0:00:32]} h4 {[%emt 0:12:51]} 11. O-O-O {[%emt 0:08:54]} Qa5 {[%emt 0:14:08]} 12. Kb1 {[%emt 0:00:44]} Be6 {[%emt 0:04:33]} 13. Nc1 {[%emt 0:11:25]} b5 {[%emt 0:14:30]} 14. Qe2 {[%emt 0:13:17]} g6 {[%emt 0:13:32]} 15. h3 {[%emt 0:07:08]} Qc7 {[%emt 0:08:21]} 16. Qd2 {[%emt 0:19:05]} Nd7 {[%emt 0:02:48]} 17. g3 {[%emt 0:01:10]} hxg3 {[%emt 0:06:32]} 18. fxg3 {[%emt 0:00:30]} Nb6 {[%emt 0:02:45]} 19. Bf4 {[%emt 0:03:26]} Bd5 {[%emt 0:06:45]} 20. Rhg1 {[%emt 0:03:42]} Nc4 {[%emt 0:00:36]} 21. Qf2 {[%emt 0:00:40]} Rab8 {[%emt 0:03:34]} 22. Bxd6 {[%emt 0:06:18]} Qxd6 {[%emt 0:00:09]} 23. Qf4 {[%emt 0:01:30]} Qxf4 {[%emt 0:02:49]} 24. gxf4 {[%emt 0:00:01]} f5 {[%emt 0:01:46]} 25. Nb3 {[%emt 0:03:11]} Be4 {[%emt 0:01:40]} 26. Nc5 {[%emt 0:02:09]} Bxd3+ {[%emt 0:00:04]} 27. Nxd3 {[%emt 0:00:12]} Re3 {[%emt 0:01:17]} 28. h4 {[%emt 0:01:31]} Rh3 {[%emt 0:01:12]} 29. Rh1 {[%emt 0:01:58]} Rxh1 {[%emt 0:00:03]} 30. Rxh1 {[%emt 0:00:02]} Re8 {[%emt 0:01:03]} 31. Ne5 {[%emt 0:06:06]} Nxe5 {[%emt 0:00:05]} 32. dxe5 {[%emt 0:03:15]} Rd8 {[%emt 0:01:12]} 33. Kc2 {[%emt 0:01:27]} Kg7 {[%emt 0:00:20]} 34. a4 {[%emt 0:04:26]} a6 {[%emt 0:00:41]} 35. axb5 {[%emt 0:00:19]} axb5 {[%emt 0:00:02]} 36. Kb3 {[%emt 0:01:40]} Rd2 {[%emt 0:01:04]} 37. h5 {[%emt 0:00:18]} Rf2 {[%emt 0:00:58]} 38. hxg6 {[%emt 0:01:30]} fxg6 {[%emt 0:00:34]} 39. Rh4 {[%emt 0:00:28]} c5 {[%emt 0:00:05]} 40. Ka3 {[%emt 0:00:00]} Re2 {[%emt 0:00:00]} 41. Kb3 {[%emt 0:10:03]} Rf2 {[%emt 0:09:08]} 42. Ka2 {[%emt 0:01:26]} Kf7 {[%emt 0:03:04]} 43. Kb1 {[%emt 0:03:43]} Ke6 {[%emt 0:00:07]} 44. Kc1 {[%emt 0:01:14]} Kd5 {[%emt 0:00:11]} 45. Rh6 {[%emt 0:05:16]} Rxf4 {[%emt 0:00:14]} 46. Rxg6 {[%emt 0:00:01]} Kxe5 {[%emt 0:00:08]} 47. Rb6 {[%emt 0:00:06]} b4 {[%emt 0:02:01]} 48. cxb4 {[%emt 0:00:31]} Rxb4 {[%emt 0:01:35]} 49. Rc6 {[%emt 0:00:32]} Kd5 {[%emt 0:02:12]} 50. Rf6 {[%emt 0:01:45]} Ke4 {[%emt 0:02:07]} 51. Kc2 {[%emt 0:00:49]} f4 {[%emt 0:01:16]} 52. Re6+ {[%emt 0:03:02]} Kf3 {[%emt 0:00:57]} 53. Re5 {[%emt 0:02:12]} Rb5 {[%emt 0:00:05]} 54. Kd1 {[%emt 0:02:36]} Rxb2 {[%emt 0:09:12]} 55. Rxc5 {[%emt 0:00:12]} Rb1+ {[%emt 0:00:33]} 56. Kd2 {[%emt 0:00:10]} Kf2 {[%emt 0:01:22]} 57. Rc8 {[%emt 0:01:26]} f3 {[%emt 0:00:53]} 58. Rf8 {[%emt 0:04:28]} Rb7 {[%emt 0:00:15]} 59. Rd8 {[%emt 0:01:33]} Re7 {[%emt 0:00:39]} 60. Rd6 {[%emt 0:00:21]} Kf1 {[%emt 0:01:03]} 61. Rd8 {[%emt 0:00:31]} f2 {[%emt 0:00:24]} 62. Rd6 {[%emt 0:00:39]} Re2+ {[%emt 0:00:17]} 63. Kd1 {[%emt 0:00:15]} Re1+ {[%emt 0:00:06]} 64. Kd2 {[%emt 0:00:06]} Kg2 {[%emt 0:00:08]} 65. Rg6+ {[%emt 0:00:18]} Kh3 {[%emt 0:00:06]} 66. Rh6+ {[%emt 0:00:48]} Kg4 {[%emt 0:00:06]} 0-1